<?xml version="1.0" encoding="UTF-8"?>
<record
    xmlns:xsi="http://www.w3.org/2001/XMLSchema-instance"
    xsi:schemaLocation="http://www.loc.gov/MARC21/slim http://www.loc.gov/standards/marcxml/schema/MARC21slim.xsd"
    xmlns="http://www.loc.gov/MARC21/slim">

  <leader>01200nam2a22002651  4500</leader>
  <controlfield tag="001">rc\4732408</controlfield>
  <controlfield tag="005">20250611140703.0</controlfield>
  <datafield tag="035" ind1=" " ind2=" ">
    <subfield code="a">(NLR Aleph) 008219928</subfield>
  </datafield>
  <datafield tag="090" ind1=" " ind2=" ">
    <subfield code="a">8149672</subfield>
    <subfield code="c">8149672</subfield>
  </datafield>
  <datafield tag="100" ind1=" " ind2=" ">
    <subfield code="a">20130416d1961    |||y0rusy50      ca</subfield>
  </datafield>
  <datafield tag="101" ind1="0" ind2=" ">
    <subfield code="a">rus</subfield>
  </datafield>
  <datafield tag="102" ind1=" " ind2=" ">
    <subfield code="a">RU</subfield>
  </datafield>
  <datafield tag="105" ind1=" " ind2=" ">
    <subfield code="a">a   z   |||||</subfield>
  </datafield>
  <datafield tag="200" ind1="0" ind2=" ">
    <subfield code="a">&#x427;. 1</subfield>
    <subfield code="f">[&#x421;&#x43E;&#x441;&#x442;. &#x43F;&#x440;&#x43E;&#x444;. &#x421;.&#x412;. &#x417;&#x430;&#x445;&#x430;&#x440;&#x43E;&#x432;, &#x422;.&#x41C;. &#x41B;&#x43E;&#x431;&#x43E;&#x432;&#x430;, &#x41C;.&#x41F;. &#x421;&#x430;&#x43B;&#x44F;&#x435;&#x432;&#x430;]</subfield>
  </datafield>
  <datafield tag="210" ind1=" " ind2=" ">
    <subfield code="d">1961</subfield>
    <subfield code="a">&#x411;. &#x43C;.</subfield>
  </datafield>
  <datafield tag="215" ind1=" " ind2=" ">
    <subfield code="a">72 &#x441;.</subfield>
    <subfield code="c">&#x438;&#x43B;.</subfield>
  </datafield>
  <datafield tag="461" ind1=" " ind2="0">
    <subfield code="1">001rc\4732407</subfield>
    <subfield code="1">2001#$a&#x41F;&#x440;&#x430;&#x43A;&#x442;&#x438;&#x43A;&#x443;&#x43C; &#x43F;&#x43E; &#x431;&#x438;&#x43E;&#x445;&#x438;&#x43C;&#x438;&#x438;$e[&#x412; 2 &#x447;.]$e&#x427;. 1-$f&#x41C;-&#x432;&#x43E; &#x437;&#x434;&#x440;&#x430;&#x432;&#x43E;&#x43E;&#x445;&#x440;&#x430;&#x43D;&#x435;&#x43D;&#x438;&#x44F; &#x420;&#x421;&#x424;&#x421;&#x420;. &#x42F;&#x440;&#x43E;&#x441;&#x43B;. &#x43C;&#x435;&#x434;. &#x438;&#x43D;-&#x442;. &#x41A;&#x430;&#x444;&#x435;&#x434;&#x440;&#x430; &#x431;&#x438;&#x43E;&#x43B;. &#x445;&#x438;&#x43C;&#x438;&#x438;$v&#x427;. 1</subfield>
    <subfield code="9">8149671</subfield>
    <subfield code="c">[&#x42F;&#x440;&#x43E;&#x441;&#x43B;&#x430;&#x432;&#x43B;&#x44C;]</subfield>
    <subfield code="d">1961</subfield>
    <subfield code="f">&#x41C;-&#x432;&#x43E; &#x437;&#x434;&#x440;&#x430;&#x432;&#x43E;&#x43E;&#x445;&#x440;&#x430;&#x43D;&#x435;&#x43D;&#x438;&#x44F; &#x420;&#x421;&#x424;&#x421;&#x420;. &#x42F;&#x440;&#x43E;&#x441;&#x43B;. &#x43C;&#x435;&#x434;. &#x438;&#x43D;-&#x442;. &#x41A;&#x430;&#x444;&#x435;&#x434;&#x440;&#x430; &#x431;&#x438;&#x43E;&#x43B;. &#x445;&#x438;&#x43C;&#x438;&#x438;</subfield>
    <subfield code="n">&#x411;. &#x438;.</subfield>
    <subfield code="o">[&#x412; 2 &#x447;.] : &#x427;. 1-</subfield>
    <subfield code="t">&#x41F;&#x440;&#x430;&#x43A;&#x442;&#x438;&#x43A;&#x443;&#x43C; &#x43F;&#x43E; &#x431;&#x438;&#x43E;&#x445;&#x438;&#x43C;&#x438;&#x438;</subfield>
    <subfield code="v">&#x427;. 1</subfield>
  </datafield>
  <datafield tag="702" ind1=" " ind2="1">
    <subfield code="a">&#x41B;&#x43E;&#x431;&#x43E;&#x432;&#x430;</subfield>
    <subfield code="b">&#x422;.&#x41C;.</subfield>
    <subfield code="4">220</subfield>
  </datafield>
  <datafield tag="702" ind1=" " ind2="1">
    <subfield code="a">&#x421;&#x430;&#x43B;&#x44F;&#x435;&#x432;&#x430;</subfield>
    <subfield code="b">&#x41C;.&#x41F;.</subfield>
    <subfield code="4">220</subfield>
  </datafield>
  <datafield tag="702" ind1=" " ind2="1">
    <subfield code="a">&#x417;&#x430;&#x445;&#x430;&#x440;&#x43E;&#x432;</subfield>
    <subfield code="b">&#x421;.&#x412;.</subfield>
    <subfield code="g">&#x421;&#x435;&#x43C;&#x435;&#x43D; &#x412;&#x430;&#x441;&#x438;&#x43B;&#x44C;&#x435;&#x432;&#x438;&#x447;</subfield>
    <subfield code="4">220</subfield>
  </datafield>
  <datafield tag="801" ind1=" " ind2="0">
    <subfield code="a">RU</subfield>
    <subfield code="b">NLR</subfield>
    <subfield code="g">psbo</subfield>
  </datafield>
  <datafield tag="801" ind1=" " ind2="1">
    <subfield code="a">RU</subfield>
    <subfield code="b">ELAR</subfield>
    <subfield code="2">rusmarc</subfield>
  </datafield>
  <datafield tag="852" ind1=" " ind2=" ">
    <subfield code="a">NLR</subfield>
    <subfield code="j">61-4/13024</subfield>
  </datafield>
  <datafield tag="942" ind1=" " ind2=" ">
    <subfield code="c">BOOK</subfield>
  </datafield>
  <datafield tag="980" ind1=" " ind2=" ">
    <subfield code="a">NB</subfield>
  </datafield>
  <datafield tag="995" ind1=" " ind2=" ">
    <subfield code="5">2013-10-26</subfield>
    <subfield code="b">NLR01</subfield>
    <subfield code="c">NLR01</subfield>
    <subfield code="e">RF31</subfield>
    <subfield code="f">8219928-10</subfield>
    <subfield code="k">61-4/13024</subfield>
    <subfield code="o">0</subfield>
    <subfield code="r">BOOK</subfield>
    <subfield code="s">61413024_</subfield>
  </datafield>
</record>
